000 00281nam a2200109Ia 4500
008 220216s9999 xx 000 0 und d
245 0 _aRubber kuruvinte vanijya saadhyadhakal
260 _bRubber Mithram (Malayalam)
_c2005
300 _a19-23
650 _aRubber seed
942 _cJS
999 _c67773
_d67773